[Event "ISR-chT"]
[Site "Israel"]
[Date "1998.05.15"]
[Round "10"]
[White "Psakhis, Lev"]
[Black "Milov, Vadim"]
[Result "1/2-1/2"]
[WhiteElo "2565"]
[BlackElo "2635"]
[Annotator "Psakhis,L"]
[PlyCount "69"]
[EventDate "1998.01.15"]
[EventType "team-tourn"]
[EventRounds "10"]
[EventCountry "ISR"]
[SourceTitle "CBM 065"]
[Source "ChessBase"]
[SourceDate "1998.08.06"]
[SourceVersion "1"]
[SourceVersionDate "1998.08.06"]
[SourceQuality "1"]

1. c4 g6 2. Nc3 c5 3. g3 Bg7 4. Bg2 Nc6 5. Nf3 d6 6. O-O f5 $5 7. d3 (7. Rb1 e5
8. a3 Nf6 9. b4 O-O 10. d3 Rb8 11. Bg5 h6 12. Bxf6 Qxf6 13. Nd2 Bd7 14. Qa4 $36
{1-0 Jurek,J-Trapl,J/Usti ch-CR 1994 (51)}) 7... Nf6 8. a3 O-O 9. Rb1 a5 (9...
Bd7 $6 10. b4 Nh5 11. Nd5 cxb4 12. axb4 e6 13. Bg5 Qb8 14. b5 exd5 15. bxc6
Bxc6 16. Nd2 $36 {1-0 Bilek,I-Varnusz/Hungary 1957 (33)}) 10. Bg5 $5 Ng4 $5 (
10... h6 11. Bxf6 Bxf6 12. Qd2 $14) 11. Bd2 h6 12. Nb5 g5 13. b4 axb4 14. axb4
f4 $132 15. bxc5 dxc5 16. h3 (16. Nc3 $5) 16... Nge5 17. Nxe5 Bxe5 18. g4 h5
19. Bd5+ (19. gxh5 g4 20. hxg4 Bxg4 $132) 19... Kg7 20. f3 (20. e3 hxg4 21.
hxg4 Qd7 $5) 20... Rh8 21. Kg2 (21. Bc3 Bxc3 22. Nxc3 hxg4 23. hxg4 Rh3 $1 $40)
21... hxg4 22. hxg4 Bxg4 $1 23. fxg4 f3+ 24. Rxf3 $8 (24. Bxf3 Rh2+ 25. Kg1 Qh8
26. Bxg5 (26. Rf2 Bg3 $1 27. Bc3+ e5 28. Bg2 Rf8 $1 29. Rxf8 Rh1+ 30. Bxh1 Qh2+
$19) 26... Qh3 27. Rf2 (27. Qe1 Nd4 $1 28. Nxd4 Rh1+ $1 29. Kf2 Bxd4+ 30. e3
Ra2+ 31. Qe2 Rh2+ 32. Ke1 Bc3+ 33. Kd1 Qxf1+ 34. Qxf1 Rhd2+ 35. Ke1 Rdb2+ $19)
27... Qg3+ 28. Rg2 Rxg2+ 29. Bxg2 Rf8 $19) 24... Rh2+ 25. Kg1 Qh8 26. Rf7+ (26.
Re3 Rh1+ 27. Bxh1 Qh2+ 28. Kf1 Qxh1+ 29. Kf2 Rf8+ 30. Rf3 Qh2+ 31. Kf1 Bg3 32.
Bc3+ Nd4 33. Bxd4+ cxd4 $19) (26. Rf2 Rxf2 27. Kxf2 Qh2+ $19) 26... Kg6 27. e3
$3 (27. Rf5 Rh1+ 28. Bxh1 Qh2+ 29. Kf1 Qxh1+ 30. Kf2 Qh4+ 31. Kf1 Qh3+ 32. Kf2
Bg3+ 33. Ke3 Bf4+ 34. Kf2 Qg3+ 35. Kf1 Rh8 $19) (27. d4 Rh1+ 28. Bxh1 Qh2+ 29.
Kf1 Qxh1+ 30. Kf2 Qh4+ 31. Kf3 cxd4 $40) 27... Qh3 $6 (27... Rh1+ $1 28. Bxh1
Qh2+ 29. Kf1 Qxh1+ 30. Ke2 Qg2+ (30... Qxd1+ 31. Kxd1 Kxf7 32. Nc3 Bxc3 33.
Bxc3 Ra3 $11) 31. Rf2 Qxg4+ $11) (27... Rh3 28. Rf2 Rg3+ (28... Rf8 29. Rxf8
Qxf8 30. Qe2) 29. Bg2) (27... Ra2 28. Qf3) 28. Qf3 (28. d4 $6 Qg3+ 29. Kf1 Ra2
30. Qf3 Qxf3+ 31. Rxf3 Raxd2) 28... Qxf3 29. Rxf3 Rxd2 30. Rbf1 (30. Be4+ $5
Kg7 31. Rbf1 Bf6 (31... Bh2+ 32. Kh1 Ne5 33. Rh3 Nxg4)) 30... Bf6 31. Nc7 (31.
Be4+ $1 Kg7 (31... Kf7 32. Nd6+ Kg7 (32... Kf8 33. Rf5) 33. Nf5+ Kf8 34. Nxe7
Kxe7 35. Rxf6 Ne5 36. Rb6 $16) 32. Nc7) 31... Rh8 (31... Raa2 32. Be4+ Kf7 33.
Rf5) 32. Be4+ Kf7 33. Nd5 Rh6 (33... Ne5 $1 34. R3f2 Rxf2 35. Kxf2 Nxg4+ 36.
Kg3 Ne5 37. Rb1 $11) 34. Rf5 (34. Nxf6 $1 Rxf6 35. Rf5) 34... Rh3 $1 35. Nxf6 (
35. Rb1 $1 Nb4) (35. Nxf6 Rg3+ 36. Kh1 Rh3+ $11) 1/2-1/2

[Event "POL-chT 66th"]
[Site "Katowice"]
[Date "2010.09.07"]
[Round "4"]
[White "Heberla, Bartlomiej"]
[Black "Schmidt, Wlodzimierz"]
[Result "1/2-1/2"]
[WhiteElo "2534"]
[BlackElo "2394"]
[Annotator "RR"]
[PlyCount "62"]
[EventDate "2010.09.04"]
[EventType "team-tourn"]
[EventRounds "9"]
[EventCountry "POL"]
[SourceTitle "EXT 2016"]
[Source "ChessBase"]
[SourceDate "2015.10.08"]
[SourceVersion "1"]
[SourceVersionDate "2015.10.08"]
[SourceQuality "1"]
[WhiteTeam "Katowice Szopienice"]
[BlackTeam "Poznan Pocztowiec"]
[WhiteTeamCountry "POL"]
[BlackTeamCountry "POL"]

1. c4 g6 2. e4 e5 3. d4 Nf6 4. Nf3 exd4 5. e5 Ne4 (5... Bb4+ 6. Bd2 Qe7) 6.
Qxd4 Bb4+ 7. Nbd2 Nxd2 8. Bxd2 Nc6 9. Qf4 Bxd2+ 10. Qxd2 Qe7 11. O-O-O b6 12.
Bd3 Bb7 13. Rhe1 O-O-O 14. Be4 f6 15. exf6 Qxf6 16. Bd5 (16. Qg5 Qg7 17. h4
Rhe8 18. h5 Nb4 19. Bxb7+ Kxb7 20. Rxe8 Rxe8 21. Qd2 Nc6 22. Qxd7 Qh6+ 23. Rd2
Rd8 24. Qg4 gxh5 25. Qg5 Qxg5 26. Nxg5 Rg8 27. f4 h4 28. Nxh7 Ne7 29. Rf2 Nf5
30. Ng5 Rd8 31. b3 Rd3 32. Nf3 Re3 33. Kd2 Re4 34. Ng5 Re3 35. Rf3 Re7 36. Rd3
a5 37. Rd5 Ne3 {0-1 (37) Svidler,P (2753)-Carlsen,M (2881) Flor & Fjaere 2014})
16... Rhf8 $11 17. Re2 Qf4 18. Qxf4 Rxf4 19. g3 Rf6 20. Ng5 h6 21. Ne4 Rf5 22.
f4 g5 $1 23. fxg5 hxg5 24. Nf2 Na5 25. Bxb7+ Kxb7 26. Rd5 (26. b3 Rdf8) 26...
Rdf8 27. Rxf5 Rxf5 28. b3 Nc6 29. Ng4 d5 30. cxd5 Rxd5 31. Kb2 a5 1/2-1/2

[Event "Sarajevo Bosnia 31st"]
[Site "Sarajevo"]
[Date "2001.05.21"]
[Round "8"]
[White "Smirin, Ilia"]
[Black "Atalik, Suat"]
[Result "0-1"]
[WhiteElo "2691"]
[BlackElo "2537"]
[Annotator "Ribli,Z"]
[PlyCount "160"]
[EventDate "2001.05.13"]
[EventType "tourn"]
[EventRounds "9"]
[EventCountry "BIH"]
[EventCategory "16"]
[SourceTitle "CBM 084"]
[Source "ChessBase"]
[SourceDate "2001.09.13"]
[SourceVersion "1"]
[SourceVersionDate "2001.09.13"]
[SourceQuality "1"]

1. c4 {Atalik} e6 2. Nc3 b6 {'!?' Atalik. Atalik: 'A popular defense.'} 3. Nf3
(3. d4 Bb7 4. a3 {Das wäre die prinzipielle Alternative für Weiß. Anschließend
kann er mit d4-d5 den gegnerischen Bb7 einschließen. Der Zug 4.a3 richtet sich
gegen das Fesslungsmotiv Bb4.}) 3... Bb7 4. e4 (4. d4 Bb4) 4... Bb4 5. Bd3 {
Dieser Zug wirkt - auf den ersten Blick - unnatürlich, in der Folge aber kann
Weiß Bc2 spielen und den Pd2 befreien.} (5. Qb3 Na6 6. d3 f5 $13) 5... Ne7 {
Natürlich entwickelt Schwarz seinen Springer nach e7, um f7-f5 spielen zu
können.} 6. O-O O-O (6... Nbc6 7. Bc2 Bxc3 8. bxc3 Na5 9. Qe2 c5 10. d3 O-O 11.
Bg5 f6 12. Bh4 d6 13. d4 Qc7 14. Nd2 Ba6 15. Bd3 Rae8 16. f4 Ng6 17. Bg3 f5 {
0-1 Grant,J-Bischoff,K/Ohrid MKD 2001 (59)}) 7. Bc2 (7. Re1 f5 $5 (7... Ng6 8.
Bc2 Nc6 9. d4 Na5 10. Bd3 Ba6 11. Qe2 c5 12. d5 Bxc3 13. bxc3 e5 14. Bg5 f6 15.
Be3 d6 16. g3 Qd7 17. Nd2 Rae8 18. a4 Bc8 19. f3 Qe7 20. Rf1 Bh3 21. Rf2 Qd7
22. Kh1 f5 {1/2-1/2 Ftacnik,L-Speelman,J/Batumi 1999/CBM 74 (41)}) 8. exf5 Nxf5
9. Ne4 Nc6 10. b3 Be7 11. Bb2 Nb4 12. Bf1 Nd6 13. d3 Qe8 14. a3 Nc6 15. b4 a6
16. g3 Nxe4 17. dxe4 Qf7 18. Bg2 d6 19. Rf1 e5 20. Qd3 {0-1 Ibragimov,
I-Bunzmann,D/Fuerth 2000/EXT 2001 (44)}) 7... f5 8. exf5 (8. Qe2 Qe8 $5 (8...
Bxc3 9. bxc3 Bxe4 10. Bxe4 fxe4 11. Qxe4 Nbc6 12. d4 Nf5 13. d5 Na5 14. dxe6
Qe7 15. c5 Qxe6 {1/2-1/2 Ioseliani,N-Matveeva,S/Pula 1997/CBM 57 ext (23)}) 9.
Nb5 Qh5 10. Nfd4 Qxe2 $1 (10... Qg6 $6 {Corvi,M-Vera,R/Porto San Giorgio 75/(4)
1998/Inf 75/[Vera,R] (10)}) 11. Nxe2 a6 $1 12. Nxc7 Ra7 13. exf5 Bc8 14. Nxe6
dxe6 15. fxe6 Bxe6 16. d3 b5 $13) (8. e5 Bxf3 9. gxf3 Ng6 10. d4 c5 (10... Qh4
11. Ne2 Nc6 12. f4 Qg4+ 13. Ng3 Qh3 14. f3 Nxd4 {0-1 Zlotnikov,M-Shabalov,A/
New York 1997/CBM 57 ext (23)}) 11. a3 Bxc3 12. bxc3 Qh4 {0-1 Contin,D-Vera,R/
Saint Vincent 1998/EXT 99 (31)}) 8... Bxf3 $5 {[%mdl 4] 'N!?' Atalik. Atalik:
'An interesting novelty.Black plays fvor d4 square.' Dieser unerwartete Zug
wurde bislang noch nicht gespielt. Es ist interessant, dass Schwarz 2..b6 und
3...Bb7 zog und nun - aus freien Stücken - seinen weißfeldrigen Läufer aufgibt.
In der Folge aber bekommt Schwarz starken positionellen Druck auf den
schwarzen Feldern.} (8... Nxf5 9. Ne4 (9. Be4 Qc8 (9... Nc6 {Atalik} 10. d4
Bxc3 11. bxc3 Na5 12. Bd3) 10. Qb3 Bc5 11. Qc2 Nc6 12. b3 Ncd4 13. Nxd4 Bxd4
14. Bb2 Bxe4 15. Qxe4 c5 {1/2-1/2 Uhlmann,W-Vera,R/Berlin-Ost 1982/MCL (15)})
9... Be7 (9... Nh4 {Atalik} 10. Nxh4 Qxh4 11. d3 Be7) 10. d4 Nc6 11. d5 Nb4 12.
Bb3 Na6 13. Ng3 Nxg3 14. hxg3 Nc5 15. Bc2 Bf6 16. Rb1 a5 17. Be3 {1-0
Fedorowicz,J-Flear,G/Wijk aan Zee 1988/EXT 97 (46)}) 9. Qxf3 Nbc6 $13 {[%csl
Yd4,Rf3] Aufgrund der unglücklichen Platzierung der weißen Q auf f3 droht
Schwarz 10...Nd4. Nxf5 hat noch Zeit.} 10. Ne2 (10. Qe4 exf5 (10... Rxf5 11. g4
$16) (10... Nxf5 11. g4 Qg5 12. Kh1 Nd6 13. Qxh7+ Kf7 14. f4 $16) 11. Qh4 Bc5
$13) (10. Be4 {Atalik} exf5 (10... Nxf5 {Atalik} 11. Bxc6 Nd4 12. Bxa8 Nxf3+
13. Bxf3 Rxf3 14. gxf3 Qg5+ 15. Kh1 Qf4 16. Re1 Qxf3+ 17. Kg1 Qg4+ 18. Kf1 Qh3+
19. Ke2 Qh5+ $11) 11. Bxc6 dxc6 $36 (11... Nxc6 $13 {Atalik})) 10... Bc5 {
[%csl Gc5][%cal Gc5g1] Atalik: 'Reinforcing e4 square.' Der Läufer steht
ausgezeichnet auf c5 - von hier aus kontrolliert er das Schlüsselfeld d4 und
auch den Punkt f2.} (10... Nxf5 11. Qe4 $13 Qf6 $1 12. g4 (12. d4 {Atalik}
Ncxd4 13. Nxd4 Qxd4 14. g4 Qxe4 15. Bxe4 d5 16. cxd5 Nd6 17. Bg2 e5 18. Be3 Bc5
19. Bxc5 bxc5 20. b3 Rf4 $132) 12... Nfd4 13. Nxd4 Nxd4 14. Qxh7+ Kf7 $44) 11.
f6 {'?!' Atalik. Atalik: 'During the game I could not figure out to whose
advantage was the move.  '} (11. Be4 d5 (11... Nxf5 12. Bxc6 dxc6 (12... Nd4 $2
13. Bxa8 Nxf3+ 14. Bxf3 $16) 13. Qxc6 Qe7 14. d3 $14) 12. cxd5 exd5 13. Bc2 Qd7
$13) (11. Qc3 {Atalik} Nxf5 12. Bxf5 Rxf5 13. d4 Bd6 $13) 11... Ng6 $6 {
'!?' Atalik.} (11... Rxf6 $5 12. Qh5 (12. Qc3 {Atalik And white frees himself.}
) 12... Nf5 $15) 12. Be4 $6 {Weiß spielt optimistisch - er möchte anschließend
d2-d4 ziehen.} (12. Bxg6 $1 hxg6 (12... Rxf6 $2 13. Bxh7+ Kxh7 14. Qe4+ Kg8 15.
d4 $16) 13. d3 (13. f7+ {Atalik} Rxf7 14. Qg3 Qf6 $15) 13... Qxf6 $11 (13...
Rxf6)) 12... Rxf6 13. Qh3 (13. Qh5) (13. Qc3 {Atalik} e5 {And black starts
licking his chops.}) 13... Qf8 $1 {[%csl Rf2,Rg1] Atalik: 'Black forces a
series of moves to get 2 pawns against exchange.'} 14. d4 Nxd4 15. Nxd4 Bxd4
16. Bxa8 (16. Be3 Bxe3 17. fxe3 c6 18. Bxg6 hxg6 19. Qg3 $15) 16... Rxf2 {
[%mdl 64]} (16... Bxf2+ $2 {Atalik} 17. Rxf2 Rxf2 18. Be3 $1 $16) 17. Be3 $8
Nf4 18. Qg4 (18. Qxh7+ Kxh7 19. Be4+ Kg8 20. Bxf2 Ne2+ 21. Kh1 Bxf2 22. Bf3
Ng3+ 23. hxg3 Bxg3 $19) 18... Rxf1+ 19. Kxf1 Bxe3 $15 {Nach einigen forcierten
Zügen ist eine Stellung entstanden, in der Schwarz zwei Bauern für die
Qualität hat. Zudem über er starken und dauerhaften positionellen Druck auf
den schwarzen Feldern aus.} 20. Qf3 $8 (20. Bf3 Qb4 $19) 20... Qc5 {Atalik:
'The most logical move.Black waits the appropriate moment for the queen's swap.
'} (20... Bd4 $6 {Atalik} 21. Rd1 c5 22. Be4 g6 (22... Nh5 $2 {Atalik} 23.
Bxh7+) (22... d5 $6 {Atalik} 23. g3 dxe4 24. Qxf4 Qxf4+ 25. gxf4 Bxb2 26. Rd7
$16) 23. b4 $132) 21. b3 Ng6 {'!?' Atalik. Atalik: 'Black wants to bring his
knight fromg6 to e5.The other way was of course more logical.'} (21... c6 $2
22. Rd1 $1 d5 23. Bxc6 $16) (21... Nd3 {Atalik} 22. Be4 Ne5 23. Qh3 g6 (23...
Qf8+ {Atalik} 24. Bf3 Qf6 25. Rd1 Bc5 $17) 24. Re1 Bd4 $17) 22. Re1 (22. Rd1
Ne5 $15) 22... Bd4 23. Be4 Ne5 24. Qf4 (24. Qg3) 24... b5 $5 {'!' Atalik.
Atalik: 'This is one of the most important moves in the way to victory.Now not
only black gets the center but white faces problems with his pawns on the
flanks too.' Eine gute Idee - Schwarz möchte seinen b-Bauern gegen den Pc4
tauschen und danach seine Bauernmasse im Zentrum mobilisieren.} 25. cxb5 (25.
Qh4 g6 $15) 25... Qxb5+ 26. Re2 c5 {[%csl Gd4]} 27. Qh4 g6 28. Bc2 (28. Qd8+
Kg7 29. Qe7+ (29. a4 {Atalik} Qxb3 30. Qe7+ Nf7 31. Qxd7 Qd1+ 32. Re1 Qd2 33.
Re2 Qf4+ 34. Bf3 e5 35. h3 (35. Qxa7 {Atalik} c4 36. Qc7 Qxh2 $19) 35... c4 $19
) 29... Nf7 $15) 28... Qb8 {[%cal Gb8f8,Gf8f1]} 29. Re4 Qb5+ {Atalik: 'To get
more time on the clock.'} 30. Re2 Qb8 31. Re4 {Weiß wäre natürlich mit einem
Remis zufrieden.} Nc6 {[%cal Gc6b4,Gb4c2]} 32. Rg4 Bg7 {'!?' Atalik.} (32...
Qb5+ {Atalik} 33. Ke1 Qa5+ 34. Kd1 Qxa2 35. Bxg6 hxg6 36. Rxg6+ Kf8 37. Rg3 {
might have given some chaces to white.}) 33. Qg3 Be5 {'!' Atalik. Atalik:
'Black will exchange the queens even in a more advantageous way.'} (33... Qxg3
34. Rxg3 Be5 $15) 34. Qf2 Bd4 35. Qg3 {'?!' Atalik.} (35. Qh4 {Atalik} Qf8+ 36.
Rf4 Qe7 $17) 35... Qf8+ 36. Rf4 Qh6 {[%csl Gh6][%cal Gh6c1] '-+!' Atalik.
Atalik: 'After this move black has insurmountable threats.' Droht 37...Be5.}
37. Qh4 {'[]' Atalik.} Qxh4 {Endlich kann Schwarz die Damen abtauschen. Die
weißen Figuren stehen nun unglücklich.} 38. Rxh4 Nb4 39. Bb1 Nd5 {[%csl Gd4,
Gd5][%cal Gd5c3,Gc3b1,Gc3a2]} 40. Be4 Ne3+ {'!' Atalik.} (40... Nc3 {Atalik}
41. Bb7 {would have created some difficulties.}) 41. Ke2 d5 $17 {Schwarz
verfügt über eine sehr starke Bauernmasse im Zentrum.} 42. Bf3 (42. Rh3 {Atalik
} dxe4 43. Rxe3 Bxe3 44. Kxe3 Kf7 45. Kxe4 Kf6 46. a3 (46. g4 {Atalik} Kg5 47.
Kf3 Kh4 $19) 46... e5 {is a trivial win.}) 42... e5 {[%csl Gc5,Gd5,Ge5] Atalik:
'Black pawn mass started to march.'} 43. Rh3 {Atalik: 'The best chance.'} h5 {
'!' Atalik.} (43... e4 $2 44. Bxe4 dxe4 45. Rxe3 Bxe3 46. Kxe3 Kf7 47. Kxe4 Ke6
$11) (43... Kg7 {Atalik} 44. g4) 44. Bxh5 {'!' Atalik. Weiß versucht noch, ein
wenig im Trüben zu fischen.} (44. Be4 dxe4 45. Rxe3 Bxe3 46. Kxe3 Kf7 47. Kxe4
Ke6 $19) (44. Rg3 Kf7 45. Kd2 Kf6 $17 (45... Nf1+ 46. Ke1 Ne3 $17 (46... Nxg3
47. Bxd5+ Kf6 48. hxg3 $15))) 44... Nxg2 $1 {[%cal Rg2f4,Rf4e2,Rf4h3,Rf4h5]} (
44... gxh5 45. Rxh5 $17 {Schwarz hat die besseren Chancen, aber Weiß behält
dank der g- und h-Bauern noch Hoffnung.} (45. Rxe3 Bxe3 46. Kxe3 Kf7 $19) 45...
Kg7 $19 {also wins but this is simpler.}) 45. Rg3 (45. Bg4 Nf4+ 46. Kd2 Nxh3
47. Bxh3 Kf7 $19) 45... Nf4+ 46. Kf3 Nxh5 47. Rxg6+ Kf7 48. Ra6 e4+ {'!?'
Atalik. Atalik: 'This move had been severely criticized.However since I had
seen till the very end and since the win is guaranteed by this move too,it is
an eligible alternative to'} (48... c4 $17 49. bxc4 dxc4 50. Rc6 c3 51. Kg4
Nf6+ 52. Kf5 e4 53. Kf4 e3 54. Kf3 Nd5) 49. Kg4 (49. Ke2 Nf4+ 50. Kd1 e3 $19)
49... e3 (49... Nf6+ {Atalik} 50. Kf4 c4 $19) 50. Rxa7+ Kf6 51. Kf3 c4 {
[%cal Rd4a7] '!' Atalik. Atalik: 'Black should be very careful because the
material left over the board is not substantial.'} (51... Nf4 $2 {Atalik} 52.
Kxf4 e2 53. Ra6+ Kf7 54. Ra7+ $11) 52. Ra6+ Kf5 {'!' Atalik.} 53. bxc4 Nf4 {
[%csl Ge3] '!' Atalik.} (53... dxc4 $2 54. Ra5+ Kg6 55. Ra4 $11 {[%cal Ra4d4]})
54. cxd5 {Atalik: 'Most likely the best practical chance.'} (54. Ra8 {Atalik}
e2 55. Rf8+ Bf6 56. Re8 dxc4 57. Rxe2 Nxe2 58. Kxe2 Bc3 $19) 54... e2 $19 {
Schwarz hat zwar nur noch einen Bauern, aber der gewinnt die Partie - Weiß
muss nun den Turm geben.} 55. Re6 {'[]' Atalik.} Nxe6 56. Kxe2 Nf4+ {Hier
hätte Weiß ruhig aufgeben können - denn er verliert alle seinen Bauern, und
das Matt mit Springer ind Läufer ist eine leichte Fingerübung für einen GM.}
57. Kf3 Nxd5 {'-+' Atalik. Atalik: 'The simple N+B mate is about to come.
Usually weaker side resigns but Ilia decided to hang on for a while.'} 58. a4
Bb6 59. h4 Nc3 60. h5 Nxa4 61. h6 Nc3 62. h7 Bd4 63. Kg3 Kg6 64. Kf3 Kxh7 65.
Kg4 Kg6 66. Kf3 Kf5 67. Kg3 Be3 68. Kf3 Bf4 69. Kg2 {Der weiße König steht 
(relativ) gut in der Nähe des Eckefeldes-h1, denn das Matt ist aufgrund des
schwarzfeldrigen Läufers nur auf einem schwarzen Eckfeld möglich.} Kg4 70. Kf2
Bd2 71. Kg2 Be1 72. Kf1 Bh4 73. Kg2 Bg3 74. Kg1 Kf3 75. Kh1 Ne4 76. Kg1 Nf2 {
Atalik: 'Now starts the textbook action to bring whites majesty from wrong
colored corner to the one which has the color of bishop to deliver checkmate.'}
77. Kf1 Bh2 78. Ke1 Ne4 79. Kd1 (79. Kf1 Nd2+ 80. Ke1 Ke3 $19) 79... Ke3 80.
Kc2 Nd2 (80... Nd2 81. Kc3 {Atalik: 'It looks like white 's king almost broke
free,but...'} Bd6 {'!' Atalik. Das ist ein technischer Schlüsselzug - es
scheint nur so, als könne sich der weiße König von den Drohungen befreien, in
Wirklichkeit aber wird er in die Nähe des Eckefeldes-a1 gezwungen.} 82. Kc2 Bb4
$19 83. Kd1 Nf3 84. Kc2 Nd4+ 85. Kd1 Kd3 86. Kc1 Ke2 87. Kb1 Kd2 88. Kb2 Bd6
89. Kb1 Ba3 90. Ka2 Bc1 91. Kb1 Nc6 92. Ka1 Kc2 93. Ka2 Nb4+ 94. Ka1 Bb2#) 0-1